Statistics for Terraria Mod of Redemption All Bosses

Click here to take the quiz!

General Stats

  • This quiz has been taken 6 times
  • The average score is 15 of 20

Answer Stats

HintAnswer% Correct
Infected fish living in the Abandoned LabBlisterface
100%
The first victim of the Xenomite InfectionPatient Zero
100%
Carrier of the Xenomite InfectionSeed of Infection
100%
Reanimated skeleton with a weapon named after themselfSkull Digger
100%
The sovereign ruler of all chickensThe Mighty King Chicken
100%
Soul cursed by the forestThorn, Bane of the Forest
100%
The first Vlitch Overlord, a massive swordVlitch Cleaver
100%
Cthulhu's other eye that is infected by XenomiteInfected Eye
75%
Previously human robot sent to kill a previous bossKing Slayer III
75%
Angel who warns of stronger foes if other mods are installedNebuleus, Angel of the Cosmos
75%
The TRUE sovereign ruler of all chickens (and roosters!)Rooster King
75%
Deceased scientist in the Abandoned LabStage 3 Infected Scientist
75%
Robot worker at the Abandoned LabThe Janitor
75%
Possessed corpse that can be pacified nonviolentlyThe Keeper
75%
The second Vlitch Overlord, a massive wormVlitch Gigapede
75%
Rocks containing the spirit of a weather deityEaglecrest Golem
50%
Incomplete war machine in the Abandoned LabMACE Project
50%
Robot that protects the lowest levels of the Abandoned LabProtector Volt
50%
Rematch with two previous bosses who reveal their deity formsAncient Deity Duo
25%
Mass of Xenomite waste in the Abandoned LabIrradiated Behemoth
25%

Score Distribution

Percentile by Number Answered

Percent of People with Each Score

Your Score History

You have not taken this quiz